000 00482nam a22001577a 4500
082 _aBE-EE-3
100 _aMuhammad Inam ur Rehman
_992991
245 _aSmart Traffic Control
260 _aIslamabad
_bNUST-SEECS
_c2015
300 _apv
_eCD Include
500 _aSupervisors: Dr. Salman Abdul Ghafoor, Dr. Rehan Hafiz
700 _aGhulam Jailani Raza,
_992992
700 _aAhmed Shah
_992993
856 _u http://10.250.8.41:8080/xmlui/handle/123456789/6731
942 _cPR
_2ddc
999 _c13255
_d13255